Eco-Innovation Performance of the Slovak Republic and Analysis of Correlation between Selected Variables
Porovnanie výkonosti SR na poli eko-inovácií s priemerom EÚ a krajinami V4. Stanovenie korelácie medzi vybrannými premennými a eko-inovačnou výkonnosťou. Komparácia vykonaná na základe indexu ekologických inovácií.
Na minha lista:
| Autor principal: | |
|---|---|
| Formato: | Capítulo de Livro |
| Idioma: | inglês |
| Assuntos: | |
| Tags: |
Sem tags, seja o primeiro a adicionar uma tag!
|
MARC
| LEADER | 00000naa$a2200000$$$4500 | ||
|---|---|---|---|
| 001 | 0264213 | ||
| 005 | 20240502083759.2 | ||
| 041 | 0 | |a eng | |
| 044 | |a RS | ||
| 245 | 1 | 0 | |a Eco-Innovation Performance of the Slovak Republic and Analysis of Correlation between Selected Variables |c Renáta Ševčíková |
| 520 | |a Porovnanie výkonosti SR na poli eko-inovácií s priemerom EÚ a krajinami V4. Stanovenie korelácie medzi vybrannými premennými a eko-inovačnou výkonnosťou. Komparácia vykonaná na základe indexu ekologických inovácií. | ||
| 610 | 2 | 0 | |a výkonnosť inovačná |
| 610 | 2 | 0 | |a výkonnosť podniku |
| 610 | 2 | 0 | |a inovácie environmentálne |
| 610 | 2 | 0 | |a indexy |
| 610 | 2 | 0 | |a ekológia |
| 610 | 2 | 0 | |a korelácia |
| 610 | 2 | 0 | |a Vyšehradská štvorka |
| 610 | 2 | 0 | |a Slovensko |
| 610 | 2 | 0 | |a porovnanie štatistické medzinárodné |
| 100 | 1 | |a Ševčíková, Renáta, 1982- | |